000 00474nam a2200181Ia 4500
005 20250423095306.0
008 250422s9999 xx 000 0 und d
020 _a9781473938465
050 _aQP 34.5 .B64/
100 _aBoore, Jennifer
245 0 _aEsssentials of anatomy and physiology for nursing practice
260 _aLos Angeles
260 _bSAGE
260 _c2016
300 _a574 p
650 _a Human physiology. Human anatomy.
942 _cBK
999 _c29828
_d29828